=LDR 00000nam 2200000 4500 =001 000816 =005 20250711115627 =035 ##$$a 0010-0725000686 =007 ta =008 250711################a##########0#ind## =020 ##$$a 978-623-472-287-1 =082 ##$$a 398.209 598 =084 ##$$a 398.209 598 HYU t =100 #$$a Hyun, Lee mi =245 1#$$a Tiga Babi Bersaudara /$c Lee Mi-hyun =250 ##$$a Cetakan Pertama =260 ##$$a Jakarta :$b Badan Pengembangan dan Pembinaan Bahasa,$c 2024 =300 ##$$a 12 hlm. : $b ilus. ; $c 22,9 cm =650 #4$$a Cerita Anak Indonesia-Terjemahan =650 #4$$a Literasi-Bahan Bacaan =856 ##$$a TBM As Suhada =990 ##$$a TBM202400725